Vplyv chrómu na oteruvzdornosť ocele na báze Fe-C-Cr-Mo-V-B : Diplomová práca

Saved in:
Bibliographic Details
Main Author: Gašparík - Hložan, Peter (Author)
Other Authors: Adamka, Jozef (xxx)
Format: Manuscript Book
Language:Slovak
Published: Trnava : SVŠT v Bratislave StF KZZaPM, 1989
Subjects:
Tags: Add Tag
No Tags, Be the first to tag this record!

MARC

LEADER 00000ntm a22000003a 4500
001 stu92205
005 20160719162642.9
008 050107s1989----cs------------------slo-d
040 |a STU  |b slo 
041 0 |a slo 
044 |a cs 
100 1 |a Gašparík - Hložan, Peter  |4 aut 
245 1 |a Vplyv chrómu na oteruvzdornosť ocele na báze Fe-C-Cr-Mo-V-B :  |b Diplomová práca 
260 |a Trnava :  |b SVŠT v Bratislave StF KZZaPM,  |c 1989 
300 |a 62 s  |c príl 
650 7 |a strojárska technológia  |2 stusub 
700 1 |a Adamka, Jozef  |4 xxx  |u M  |T MTF Materiálovotechnologická fakulta  |U M  |Y 60 
996 |b 284M043000  |c M*DP-2604  |l MMSKP  |s P  |a 0  |w stu92205_0001